000 00815cab a2200217 4500
001 WB3312-38
008 090401t1997 xxu||||| |||| 00| 0 eng d
035 _a(Sirsi) u77246
041 _aeng
245 _aMineral sites classification
260 _c1997
350 _a0
490 _aScotsman
_v`Commercial Property Survey`, 18 March 1997, 15(1)
520 _aLocal authorities have been compiling a list classifying mineral sites, so it is important to check if there are any mineral planning permissions relating to your land. Although even if it is on the list, people may still need to apply for new planning conditions.
650 _aMINERAL PERMISSIONS
650 _aMINERAL PLANNING PERMISSIONS
650 _aMINERAL SITES
690 _aMINING AND MINERALS
942 _n0
948 _c20/03/1997
999 _c48562
_d48562